Machinery's handbook
| Main Author: | |
|---|---|
| Corporate Author: | |
| Format: | Book |
| Published: |
New York :
Industrial Press ,
1984
|
| Edition: | 22nd ed. |
MARC
| LEADER | 00000cam a2200000 7i4500 | ||
|---|---|---|---|
| 001 | 0000000592 | ||
| 005 | 20180403093000.0 | ||
| 008 | 021118n | ||
| 090 | 0 | 0 | |a TJ151 |b .O2 |
| 110 | 0 | |a Oberg, Erik , |d 1881- |e author | |
| 245 | 0 | 0 | |a Machinery's handbook |c Erik Oberg, Franklin D. Jones and Holbrook L. Horton |
| 250 | |a 22nd ed. | ||
| 260 | 2 | |a New York : |b Industrial Press , |c 1984 | |
| 300 | |a 2512 p. ; ; |c 19 cm. | ||
| 501 | |a Includes index | ||
| 700 | 0 | |a Jones, Franklin D. , |d 1879-1967 , |e author | |
| 999 | |a 1000052786 |b Book |c Reference |e Gong Badak Campus | ||